Uttor-pub himanta : (Record no. 550)

MARC details
000 -LEADER
fixed length control field 00490cam a2200181ua 4500
008 - FIXED-LENGTH DATA ELEMENTS--GENERAL INFORMATION
fixed length control field 110412n ii |||gr||||Z||||||eng
040 ## - CATALOGING SOURCE
Transcribing agency MAIN
082 ## - DEWEY DECIMAL CLASSIFICATION NUMBER
Classification number 303.625095416
245 1# - TITLE STATEMENT
Title Uttor-pub himanta :
Remainder of title Osantir mul karonhomuh /
Statement of responsibility, etc. by Profulla Raichoudhury
250 ## - EDITION STATEMENT
Edition statement 1st.
260 ## - PUBLICATION, DISTRIBUTION, ETC.
Place of publication, distribution, etc. Guwahati:
Name of publisher, distributor, etc. Bani prokash,986.
300 ## - PHYSICAL DESCRIPTION
Extent 188p:0cm.
700 ## - ADDED ENTRY--PERSONAL NAME
Personal name Raichoudhury, Profulla.,
Relator term
942 ## - ADDED ENTRY ELEMENTS (KOHA)
Koha item type Books
653 ## - INDEX TERM--UNCONTROLLED
Uncontrolled term Political science
653 ## - INDEX TERM--UNCONTROLLED
Uncontrolled term Uttor-pub himanto
Holdings
Withdrawn status Lost status Damaged status Not for loan Home library Current library Shelving location Date acquired Total Checkouts Full call number Barcode Date last seen Copy number Price effective from Koha item type
        Central Library, Naharkatiya College Central Library, Naharkatiya College   19/09/2020   303.625095416 | RAI 10568 19/09/2020 1 19/09/2020 Books

Naharkatiya College © 2020. All rights reserved.

Powered By